Guess The Soccer Player by Country - Statistics

General Stats
  • This quiz has been taken 103 times
  • The average score is 15 of 24
Answer Stats
Country Team Last Name % Correct
Brazil PSG Neymar
96%
Portugal Real Madrid Ronaldo
85%
France Manchester United Pogba
84%
Uruguay FC Barcelona Suarez
84%
Croatia Real Madrid Modric
77%
South Korea Tottenham Son
75%
Sweden Manchester United Ibrahimovic
67%
Brazil Liverpool Firmino
66%
France PSG Mbappe
66%
USA Dortmund Pulisic
66%
Netherlands FC Bayern Robben
63%
Chile Manchester United Sanchez
61%
Spain FC Barcelona Iniesta
60%
Croatia FC Barcelona Rakitic
60%
Mexico West Ham United Chicharito
55%
Ecuador Manchester United Valencia
55%
Italy Juventus Buffon
52%
Armenia Arsenal Mkhitaryan
51%
Colombia AS Monaco Falcao
46%
Argentina FC Barcelona Mascherano
46%
Italy OGC Nice Balotelli
45%
England Everton Rooney
41%
Netherlands FC Fenerbahçe Van Persie
36%
USA Toronto FC Altidore
15%
No matching quizzes found
Score Distribution
Percent of People with Each Score
Percentile by Number Answered
Your Score History
You have not taken this quiz